1503 1015 1307 1347 1478 1222 1858 1996 1299 1752 1385 1495 1993 1441 1818 1175 1808 1378 1202 1577 1605 1097 1378 1590 1739 1772 1147 1362 1028 1992 1567 1166 1357 1490 1269 1239 1866 1337 1430 1922 1269 1293 1962 1555 1459 1836 1713 1401 1546 1631 1958 1689 1207 1067 1953 1806 1684 1637 1755 1635 1739 1240 1473 1523 1532 1834 1023 1313 1548 1869 1370 1722 1775 1698 1552 1744 1804 1743 1626 1294 1420 1649 1650 1675 1342 1698 1218 1765 1779 1522 1796 1621 1250 1876 1629 1034 1298 1493 1645 BCNSPRNW ULIB Ver.6.0+V

เปลี่ยนเป็นภาษาไทย

Change to English
 แสดงรายละเอียดบรรณานุกรม
  กลับหน้าหลัก

Brief Record : Get Marc (ISO 2709) : E-mail record : QR code < ปิดหน้าต่าง
LEADER : 00000nam 2200000uu 4500
001    13399126167
003     ULIB
008    180626s2559||||th 000 0 tha d
020    ^a9786160027347
050    ^aนว^bส887บ
100  0  ^aเสี่ยวจี้(ลิซ).
245  1  ^aวายุหงสา /^cเสี่ยวจี้(ลิซ).
250    ^aพิมพ์ครั้งที่ 1.
260    ^aกรุงเทพฯ :^bPrincess,^c2559.
300    ^a760 หน้า ;^c21 ซม.
490  1  ^aชุดจอมใจพยัคฆ์
830    0 ^aชุดจอมใจพยัคฆ์.
850    ^aมบ.
945    ^p490^l0^i004273
999    ^aประนอม เกษจรัล
รายการนี้ยังไม่มีแท็ก
คุณยังไม่ได้ล็อกอิน คุณสามารถมีกิจกรรมร่วมกับเว็บไซต์ได้ แต่ต้องล็อกอินก่อน ::
  ล็อกอิน

รายการสื่อสารสนเทศ

ลำดับที่ ประเภท เลขเรียก/บาร์โค้ด สถานที่ สถานะ
1. นวนิยาย
นวนิยาย
นว ส887บ ฉ.1 
  Barcode: 004273
ห้องสมุดวิทยาเขตสวรรค์ประชารักษ์
►หนังสือทั่วไป
บนชั้น

BibComment


ยังไม่เคยถูกคอมเมนท์

คอมเมนท์ทรัพยากรรายการนี้
  คอมเมนท์: วายุหงสา เสี่ย..


 Copyright 2026. Bcnsprnw @Library